shathchakra darshan v bhedan (Record no. 1385366)

MARC details
000 -LEADER
fixed length control field 00771nam a2200313Ia 4500
008 - FIXED-LENGTH DATA ELEMENTS--GENERAL INFORMATION
fixed length control field 160525s9999||||xx |||||||||||||| ||und||
040 ## - CATALOGING SOURCE
Transcribing agency marathi
082 ## - DEWEY DECIMAL CLASSIFICATION NUMBER
Classification number ix/vaidya
082 ## - DEWEY DECIMAL CLASSIFICATION NUMBER
Item number BORI-95485
100 ## - MAIN ENTRY--PERSONAL NAME
Personal name shreepad mahadev vaidya
245 ## - TITLE STATEMENT
Title shathchakra darshan v bhedan
250 ## - EDITION STATEMENT
Remainder of edition statement 5
260 ## - PUBLICATION, DISTRIBUTION, ETC. (IMPRINT)
Place of publication, distribution, etc mumbai
260 ## - PUBLICATION, DISTRIBUTION, ETC. (IMPRINT)
Name of publisher, distributor, etc tukaram book depo
260 ## - PUBLICATION, DISTRIBUTION, ETC. (IMPRINT)
Date of publication, distribution, etc 1980
300 ## - PHYSICAL DESCRIPTION
Extent 131
300 ## - PHYSICAL DESCRIPTION
Dimensions a
300 ## - PHYSICAL DESCRIPTION
Accompanying material hardbound
530 ## - ADDITIONAL PHYSICAL FORM AVAILABLE NOTE
Availability source damle
530 ## - ADDITIONAL PHYSICAL FORM AVAILABLE NOTE
Uniform Resource Identifier <a href="00095394.pdf">00095394.pdf</a>
563 ## - BINDING INFORMATION
Binding note study
600 ## - SUBJECT ADDED ENTRY--PERSONAL NAME
Personal name shreepad mahadev vaidya
630 ## - SUBJECT ADDED ENTRY--UNIFORM TITLE
Uniform title shathchakra darshan v bhedan
650 ## - SUBJECT ADDED ENTRY--TOPICAL TERM
Topical term or geographic name as entry element "nyaya, yoga, tantra, vedanta"
650 ## - SUBJECT ADDED ENTRY--TOPICAL TERM
Topical term or geographic name as entry element darshanas
700 ## - ADDED ENTRY--PERSONAL NAME
Personal name shreepad mahadev vaidya
730 ## - ADDED ENTRY--UNIFORM TITLE
Uniform title shathchakra darshan v bhedan
942 ## - ADDED ENTRY ELEMENTS (KOHA)
Koha item type Book
Holdings
Withdrawn status Lost status Damaged status Not for loan Home library Current library Date acquired Cost, normal purchase price Total Checkouts Full call number Barcode Date last seen Cost, replacement price Price effective from Koha item type
        Bhandarkar Oriental Research Institute, Pune Bhandarkar Oriental Research Institute, Pune 01/06/2011 12.00   BORI-95485 BORI-95485 05/25/2016 12.00 05/25/2016 Book